[Event "Prague Open A 2013"]
[Site "Prague CZE"]
[Date "2013.01.13"]
[Round "6.16"]
[White "Gokhale,C"]
[Black "Scholzen,W"]
[Result "1-0"]
[WhiteElo "2252"]
[BlackElo "2149"]

1.Nf3 d5 2.g3 Nf6 3.Bg2 e6 4.O-O Bd6 5.d3 O-O 6.Nbd2 e5 7.e4 dxe4 8.dxe4 Bg4
9.h3 Bh5 10.Qe2 Nc6 11.c3 Qe7 12.Re1 Rfd8 13.a4 h6 14.Qc4 Bxf3 15.Nxf3 Na5
16.Qa2 b6 17.Bf1 c6 18.Nd2 Nb7 19.Bc4 Rd7 20.Nf1 Rad8 21.b4 a5 22.Be3 axb4
23.Bxb6 Bc7 24.Bxc7 Rxc7 25.cxb4 Qxb4 26.Rab1 Qa5 27.Bxf7+ Kh8 28.Bg6 Nc5
29.Red1 Ra8 30.Qc4 Nxa4 31.Ra1 Qb5 32.Rxa4 Rxa4 33.Rd8+  1-0

[Event "38th Seville Open"]
[Site "Seville ESP"]
[Date "2013.01.13"]
[Round "3.15"]
[White "Belezky,A"]
[Black "Van Hoolandt,P"]
[Result "1-0"]
[WhiteElo "2427"]
[BlackElo "2203"]

1.Nf3 d5 2.g3 c6 3.Bg2 Bg4 4.h3 Bh5 5.g4 Bg6 6.h4 Nd7 7.h5 Be4 8.d3 Bxf3
9.exf3 e6 10.f4 Bd6 11.Nc3 h6 12.Ne2 Qc7 13.d4 Ne7 14.c3 O-O-O 15.Be3 Kb8
16.Qd2 f6 17.Nc1 e5 18.Nd3 Rhe8 19.O-O-O exd4 20.cxd4 Nc8 21.Kb1 Ncb6 22.b3 Nf8
23.g5 Ne6 24.gxf6 gxf6 25.Bh3 Qh7 26.Rdg1 Nd7 27.Kb2 c5 28.dxc5 Nexc5 29.Nxc5 Nxc5
30.Rg6 Ne4 31.Qa5 b6 32.Qa4 d4 33.Bxd4 Bxf4  1-0

[Event "4NCL 2012-13"]
[Site "Staverton ENG"]
[Date "2013.01.13"]
[Round "4.158"]
[White "Sarakauskas,G"]
[Black "Summerscale,C"]
[Result "1-0"]
[WhiteElo "2408"]
[BlackElo "1982"]

1.Nf3 d5 2.g3 c5 3.Bg2 Bf5 4.d4 e6 5.c4 Nc6 6.Nc3 Nf6 7.O-O Be7 8.cxd5 exd5
9.dxc5 Bxc5 10.Bg5 d4 11.Na4 Be7 12.Rc1 O-O 13.Nc5 Bxc5 14.Rxc5 Be4 15.Qc1 Qe7
16.Rb5 h6 17.Bxh6 gxh6 18.Qxh6 Bg6 19.Nh4 Ng4 20.Nxg6 Nxh6 21.Nxe7+ Nxe7
22.Rxb7 Nef5 23.Rc1 Rab8 24.Rcc7 Nd6 25.Rxb8 Rxb8 26.Rd7 Nc4 27.b3 Ne5 28.Rxa7  1-0

[Event "38th Seville Open"]
[Site "Seville ESP"]
[Date "2013.01.14"]
[Round "4.2"]
[White "Komljenovic,D"]
[Black "Haslinger,S"]
[Result "0-1"]
[WhiteElo "2393"]
[BlackElo "2535"]

1.Nf3 d5 2.g3 Bg4 3.Bg2 Nd7 4.h3 Bh5 5.c4 e6 6.b3 Ngf6 7.Bb2 c6 8.O-O Bd6
9.d3 O-O 10.Nbd2 a5 11.a3 Re8 12.Re1 e5 13.cxd5 cxd5 14.g4 Bg6 15.Nh4 Nf8
16.Nxg6 Nxg6 17.e3 Nh4 18.Bh1 h6 19.Nf3 Nh7 20.Kf1 Rc8 21.Nxh4 Qxh4 22.Bxd5 Qxh3+
23.Bg2 Qh2 24.Bxb7 e4 25.Bxe4 Ng5 26.Bg2 Nh3 27.Bxh3 Qxh3+ 28.Ke2 Rxe3+ 29.fxe3 Qg2+  0-1

[Event "73rd ch-ARM 2013"]
[Site "Yerevan ARM"]
[Date "2013.01.14"]
[Round "3.2"]
[White "Petrosian,TL"]
[Black "Aghasaryan,R"]
[Result "1-0"]
[WhiteElo "2648"]
[BlackElo "2443"]

1.Nf3 d5 2.g3 c6 3.Bg2 Bg4 4.c4 e6 5.Qb3 Qb6 6.Qc2 Nd7 7.cxd5 cxd5 8.O-O Ne7
9.Qa4 Bxf3 10.Bxf3 Nc6 11.Nc3 Be7 12.Rb1 O-O 13.d3 a6 14.Bg2 Rac8 15.Bd2 Qa7
16.Rbc1 Rfd8 17.Qd1 h6 18.a3 b5 19.b4 Nb6 20.Qb3 Qd7 21.Qa2 Bg5 22.f4 Bf6
23.Kh1 h5 24.e4 dxe4 25.Nxe4 Be7 26.Be3 Nd5 27.Bc5 a5 28.bxa5 Nxa5 29.Bxe7 Rxc1
30.Rxc1 Nxe7 31.Qe2 Qxd3 32.Qxh5 Qxa3 33.Rg1 Nf5 34.g4 Nh6 35.g5 Nf5 36.g6 Nh6
37.gxf7+ Nxf7 38.Qg6 Nc4 39.Nf6+ Kf8 40.Nh7+ Ke7 41.Ng5 Ncd6 42.Qxe6+ Kf8
43.Bd5 Qa7 44.Nh7+ Kg8 45.Qg6 Ne8 46.Nf6+ Kf8 47.Nh7+ Kg8 48.Re1 Nd6 49.Ng5  1-0

[Event "38th Seville Open"]
[Site "Seville ESP"]
[Date "2013.01.15"]
[Round "5.2"]
[White "Belezky,A"]
[Black "Bruno,Fabi"]
[Result "1/2-1/2"]
[WhiteElo "2427"]
[BlackElo "2434"]

1.Nf3 d5 2.g3 Nf6 3.Bg2 e6 4.b3 c5 5.e3 Nc6 6.Bb2 Be7 7.O-O b5 8.a4 b4 9.d3 O-O
10.Nbd2 Bb7 11.Re1 Rc8 12.e4 dxe4 13.dxe4 Qc7 14.e5 Nd5 15.Nc4 Rfd8 16.Qe2 Ba6
17.Qe4 Nd4 18.Nxd4 cxd4 19.Nd6 Bxd6 20.exd6 Qxd6 21.Qxd4 Nc3 22.Bxc3 Qxd4
23.Bxd4 Rxd4 24.Rad1 Rcd8 25.Rxd4 Rxd4 26.Bf1 Bb7 27.Bd3 Bd5 28.Re3 g5 29.Kf1 h6
30.Ke1 a5 31.Be2 Kf8 32.c3 bxc3 33.Rxc3 Rb4 34.Bb5 Rxb3  1/2-1/2

[Event "38th Seville Open"]
[Site "Seville ESP"]
[Date "2013.01.16"]
[Round "6.10"]
[White "Rzayev,B"]
[Black "Das,Arg"]
[Result "1-0"]
[WhiteElo "2370"]
[BlackElo "2466"]

1.Nf3 d5 2.g3 c6 3.Bg2 Bf5 4.O-O e6 5.d3 h6 6.Nbd2 Nf6 7.b3 Be7 8.Bb2 O-O
9.c4 Bh7 10.a3 a5 11.Bc3 Na6 12.Qb1 c5 13.cxd5 exd5 14.e4 Re8 15.Re1 Nc7
16.Ra2 Bf8 17.Qa1 Ra6 18.e5 d4 19.Bb2 Nfd5 20.Ne4 a4 21.b4 cxb4 22.Bxd4 Ne6
23.Rc1 Nxd4 24.Nxd4 b3 25.Rd2 Qa5 26.Re2 Raa8 27.Bh3 Qb6 28.Nf5 Bxf5 29.Bxf5 Nc7
30.d4 Nb5 31.Nc5 Red8 32.Bd7 Nxd4 33.Qxd4 Bxc5 34.Rxc5 Kh8 35.Rd5 Qxd4 36.Rxd4 b5
37.Red2 Rxd7 38.Rxd7 b4 39.Rxf7 bxa3 40.Rb7 Rc8 41.e6 a2 42.Rd1 Re8 43.Rb6 g6
44.f4 Kg7 45.g4 Rd8 46.Re1 Rd4 47.Rb7+  1-0

[Event "Dvorkovich Mem 2013"]
[Site "Taganrog RUS"]
[Date "2013.01.16"]
[Round "2.25"]
[White "Vastrukhin,O"]
[Black "Baraeva,M"]
[Result "1/2-1/2"]
[WhiteElo "2340"]
[BlackElo "2187"]

1.Nf3 d5 2.g3 Nf6 3.Bg2 c6 4.O-O Bg4 5.Ne5 Bf5 6.d4 Nbd7 7.c4 e6 8.Nc3 Be7
9.Qb3 Qb6 10.Nxd7 Nxd7 11.e4 dxe4 12.Nxe4 O-O 13.Be3 Rfd8 14.Qc3 Rac8 15.c5 Qa6
16.b4 Nf6 17.Nxf6+ Bxf6 18.a4 Qd3 19.Qxd3 Bxd3 20.Rfd1 Bc4 21.b5 Bd5 22.Rab1 b6
23.Rdc1 cxb5 24.axb5 Kf8 25.Bxd5 Rxd5 26.Rc4 Rcd8 27.c6 Rc8 28.Ra4 Rc7 29.Bf4 e5
30.dxe5 Bxe5 31.Be3 f6 32.Kg2 Ke7 33.h4 h5 34.f4 Bd6 35.Kf3 Bc5 36.Bxc5+ Rxc5
37.Rba1 Rxb5 38.Rxa7 Kd6 39.Rxc7 Kxc7 40.Ra7+ Kxc6 41.Rxg7 Kd5 42.Rh7 Ke6
43.Ke4 Rb4+ 44.Kf3 Rb3+ 45.Ke4 Rb4+ 46.Kf3  1/2-1/2

[Event "TCh-AUT 2012-13"]
[Site "Graz AUT"]
[Date "2013.01.17"]
[Round "4.1"]
[White "Erdos,V"]
[Black "Luther,T"]
[Result "1/2-1/2"]
[WhiteElo "2640"]
[BlackElo "2535"]

1.Nf3 d5 2.g3 Nf6 3.Bg2 e6 4.c4 c5 5.cxd5 Nxd5 6.O-O Nc6 7.d4 Be7 8.dxc5 Bxc5
9.a3 O-O 10.Qc2 Bb6 11.Nbd2 Bd7 12.Nc4 Rc8 13.Qd3 Nce7 14.Qb3 Bc5 15.Bd2 Nb6
16.Na5 Ba4 17.Qa2 Qd7 18.Rac1 Bd6 19.Ng5 Bxg3 20.b3 Bxh2+ 21.Kxh2 Bb5 22.Bb4 Nbd5
23.Nc4 Nxb4 24.axb4 Nd5 25.Qd2 Qe7 26.Nf3 Rcd8 27.Rfd1 h6 28.e4 Nxb4 29.Nd6 Nd3
30.Nxb5 Nxc1 31.Qxc1 Rxd1 32.Qxd1 Rd8 33.Qa1 Qc5 34.Nbd4 a5 35.e5 b6 36.Bf1 g5
37.Bh3 h5 38.Qg1 g4 39.Bxg4 hxg4 40.Qxg4+ Kf8 41.Qf4 Ke8 42.Kg3 Rd7 43.Qe4 Qd5
44.Qe2 Kf8 45.Qa6 Qc5 46.Qa8+ Kg7 47.Qe4 Kf8 48.Qe3 Ke8 49.Qe4 Kf8 50.Ne2 Qd5
51.Qe3 Qc5 52.Nfd4 Ke8 53.f4 Kd8 54.Kf3 Ke8 55.Qd3 b5 56.Qe4 Qd5 57.Qxd5 Rxd5
58.Ke3 Rc5 59.Kd2 a4 60.Nc3 axb3 61.Nxb3  1/2-1/2

[Event "5th Chennai Open 2013"]
[Site "Chennai IND"]
[Date "2013.01.18"]
[Round "6"]
[White "Pradeep,KR"]
[Black "Suresh,KT"]
[Result "1-0"]
[WhiteElo "2264"]
[BlackElo "2145"]

1.Nf3 d5 2.g3 Nf6 3.Bg2 e6 4.O-O Be7 5.d3 O-O 6.Nbd2 c5 7.e4 Nc6 8.Re1 dxe4
9.dxe4 Qc7 10.Qe2 b6 11.e5 Nd7 12.Nf1 Bb7 13.c3 a5 14.Bf4 Rfd8 15.h4 Ba6
16.Qe4 Nf8 17.Rad1 Rxd1 18.Rxd1 Rd8 19.Rxd8 Nxd8 20.N1h2 Qd7 21.Qe1 Bb7 22.h5 h6
23.Ng4 Qd3 24.Ne3 Nh7 25.Qc1 Bc6 26.Qc2 Qxc2 27.Nxc2 Ng5 28.Nd2 b5 29.Be3 a4
30.f4 Nh7 31.Bxc6 Nxc6 32.Ne4 f6 33.exf6 Nxf6 34.Nxc5 Nxh5 35.Kg2 e5 36.Kf3 Nf6
37.Ne4 Nd5 38.f5 Na5 39.Nd2 Nc6 40.c4 bxc4 41.Nxc4 Ncb4 42.Nxb4 Nxb4 43.a3 Nc6
44.Nb6 Na5 45.Nxa4 Nc4 46.Ke4 Kf7 47.Bc1 Kf6 48.g4 Nd6+ 49.Kd5 Nxf5 50.gxf5 Kxf5
51.Nc3 h5 52.Ne4 h4 53.Be3 g5 54.a4 h3 55.a5 h2 56.Ng3+ Kg4 57.Nh1 Kh3 58.a6 g4
59.a7 g3 60.a8=Q g2 61.Qc8+ Kh4 62.Nf2  1-0

[Event "Marianske Lazne GM 2013"]
[Site "Marianske Lazne CZE"]
[Date "2013.01.18"]
[Round "1.5"]
[White "Fries Nielsen,JO"]
[Black "Ivanov,MM"]
[Result "1/2-1/2"]
[WhiteElo "2370"]
[BlackElo "2403"]

1.Nf3 d5 2.g3 c6 3.Bg2 g6 4.O-O Bg7 5.d3 e5 6.e4 Ne7 7.Nc3 h6 8.Bd2 O-O 9.Re1 d4
10.Ne2 c5 11.c3 Nbc6  1/2-1/2

[Event "Dvorkovich Mem 2013"]
[Site "Taganrog RUS"]
[Date "2013.01.18"]
[Round "4.30"]
[White "Severina,M"]
[Black "Orekhov,N"]
[Result "1-0"]
[WhiteElo "2232"]
[BlackElo "2118"]

1.Nf3 d5 2.g3 Nf6 3.Bg2 c6 4.O-O Bg4 5.b3 g6 6.Bb2 Bg7 7.d3 O-O 8.Nbd2 Ne8
9.d4 Nd6 10.c4 Nd7 11.h3 Bxf3 12.Bxf3 Nf6 13.Qc2 Qd7 14.h4 Qh3 15.Bg2 Qe6
16.e3 Rac8 17.Rac1 Nfe4 18.Nf3 f5 19.c5 Nf7 20.b4 h6 21.Qe2 a6 22.a4 g5 23.b5 axb5
24.axb5 Qg6 25.Ra1 g4 26.Ne1 e5 27.Nd3 Qe6 28.bxc6 bxc6 29.Qc2 Rb8 30.Ra7 Rb5
31.dxe5 Nxe5 32.Rxg7+ Kxg7 33.Bxe5+ Kh7 34.Rb1 Rxb1+ 35.Qxb1 Qd7 36.Qb6 Nd2
37.Qc7 Qxc7 38.Bxc7 Rf7 39.Bb6 Nc4 40.Nb4 Ne5 41.Nc2 Nc4 42.Nd4 Nxb6 43.cxb6 Rb7
44.Nxc6 Rxb6 45.Bxd5 Kg6 46.Nd4 Kf6 47.Bc4 Ke5 48.Bd3 Rd6 49.Bc2 Rd5 50.Nxf5 Rd2
51.Nd4  1-0

[Event "75th Tata Steel GpA"]
[Site "Wijk aan Zee NED"]
[Date "2013.01.18"]
[Round "6.4"]
[White "Harikrishna,P"]
[Black "Anand,V"]
[Result "1/2-1/2"]
[WhiteElo "2698"]
[BlackElo "2772"]

1.Nf3 d5 2.g3 Nf6 3.Bg2 c6 4.O-O Bf5 5.d3 h6 6.c4 e6 7.Qb3 Qb6 8.Nd4 Bh7
9.cxd5 exd5 10.Qxb6 axb6 11.Nc3 b5 12.Bd2 b4 13.Nd1 Bc5 14.Nc2 Na6 15.Rb1 O-O
16.a3 Rfe8 17.Bf3 bxa3 18.bxa3 Ra7 19.Nc3 Nc7 20.Rb2 Ne6 21.Rfb1 Re7 22.Bg2 Bf5
23.h3 g5 24.Bf1 Bg6 25.Na2 Nh5 26.Bb4 f5 27.Nc1 Rf7 28.Bxc5 Nxc5 29.Nd4 Rxa3
30.Nf3 Re7 31.d4 f4 32.g4 Bxb1 33.Rxb1 Ne4 34.gxh5 Nf6 35.h4 Nxh5 36.hxg5 hxg5
37.Nd3 Nf6 38.Nc5 Ne4 39.Nxe4 dxe4 40.Ne5 c5 41.Nc4 Ra4  1/2-1/2

[Event "TCh-CAT Div Hon 2013"]
[Site "Catalonia ESP"]
[Date "2013.01.19"]
[Round "1.3"]
[White "Vidarte Morales,A"]
[Black "Lillo Castay,V"]
[Result "1/2-1/2"]
[WhiteElo "2345"]
[BlackElo "2327"]

1.Nf3 d5 2.g3 Nf6 3.Bg2 c5 4.O-O g6 5.c4 Bg7 6.cxd5 Nxd5 7.d4 cxd4 8.Nxd4 O-O
9.Nc3 Nxc3 10.bxc3 Qa5 11.Qb3 Nc6 12.Be3 Bg4 13.Qxb7 Nxd4 14.Bxd4 e5 15.Be3 Bxe2
16.Rfe1 Bc4 17.Qb4 Qxb4 18.cxb4 e4 19.Bxe4 Bxa1 20.Rxa1 a5 21.Bxa8 Rxa8 22.bxa5 Rxa5
23.a3 Kf8 24.Bd2 Ra4 25.Rc1 Ke8 26.Bb4 Be6 27.Rc7 Kd8 28.Rc5 Kd7 29.h4 h5
30.f3 Ra7 31.Kf2 Rc7 32.Ra5 Rc4 33.Ke3 Kc6 34.Ra7 Kb6 35.Re7 Kc6 36.Kd3 Kd5
37.Ra7 Rd4+ 38.Ke3 Rc4 39.Ra6 Rc6 40.Ra5+ Kc4 41.Kf4 Bd5 42.Be7 Re6 43.Rc5+ Kd4
44.Rc7 Rc6 45.Rd7 Rc2 46.Bf6+ Kc4 47.Kg5 Rf2 48.Rc7+ Kb3 49.Rc3+ Ka4 50.Kf4 Ra2
51.Ke5 Be6 52.Be7 Rb2 53.Rc7 Rb3 54.Ra7+ Kb5 55.Rb7+ Kc6 56.Rxb3 Bxb3 57.g4 hxg4
58.fxg4 Bd1 59.Kf4 Kb7 60.Bf6 Ka8 61.Kg5 Kb7 62.h5 gxh5 63.gxh5 Ka6 64.h6 Bc2
65.Bc3 f6+  1/2-1/2

[Event "5th Chennai Open 2013"]
[Site "Chennai IND"]
[Date "2013.01.19"]
[Round "4"]
[White "Shivananda,B"]
[Black "Deviatkin,A"]
[Result "0-1"]
[WhiteElo "2384"]
[BlackElo "2569"]

1.Nf3 d5 2.g3 c6 3.Bg2 Bg4 4.d3 Nd7 5.O-O Ngf6 6.h3 Bxf3 7.Bxf3 e6 8.e4 Bc5
9.Nc3 dxe4 10.dxe4 Qc7 11.Bf4 e5 12.Bd2 a5 13.Qe2 O-O 14.g4 Rfd8 15.g5 Ne8
16.Be3 Bd4 17.Bg4 Nc5 18.Qf3 a4 19.Ne2 Bxe3 20.Qxe3 Qe7 21.h4 Nc7 22.f4 exf4
23.Nxf4 Nd5 24.Nxd5 cxd5 25.e5 d4 26.Qg3 d3 27.cxd3 Rxd3 28.Qf4 Rad8 29.Rad1 Ne6
30.Qc4 R3d4 31.Bxe6 Rxd1 32.Bxf7+ Kh8 33.Rxd1 Rxd1+ 34.Kg2 Rd2+ 35.Kf3 b5
36.Qc8+ Rd8 37.Qf5 Qb7+ 38.Ke3 Qg2 39.Bh5 Qd2+  0-1

[Event "5th Chennai Open 2013"]
[Site "Chennai IND"]
[Date "2013.01.19"]
[Round "7"]
[White "Czebe,A"]
[Black "Aleksandrov,A"]
[Result "1/2-1/2"]
[WhiteElo "2494"]
[BlackElo "2607"]

1.Nf3 d5 2.g3 c6 3.Bg2 Bg4 4.h3 Bh5 5.O-O Nd7 6.d3 Ngf6 7.Qe1 e5 8.Nh4 Bc5
9.Nd2 O-O 10.Nb3 Bb6 11.e4 a5 12.a4 Re8 13.Be3 Bc7 14.Kh2 Nf8 15.f3 Ne6 16.Qf2 Bg6
17.Nc1 Nh5 18.Ne2 Qf6 19.Kg1 Nd4 20.Nxd4 exd4 21.Bxd4 Qg5 22.f4 Qxg3 23.e5 f6
24.Qxg3 Nxg3 25.Rfe1 Nh5 26.exf6 Nxf4 27.Nxg6 hxg6 28.Rxe8+ Rxe8 29.Bf1 gxf6
30.Bxf6 Re3 31.Bd4 Nxh3+ 32.Kh1 Rf3 33.Re1 Ng5 34.Bg2 Rf4 35.Be3 Rh4+ 36.Kg1 Nf7
37.b3 Kg7 38.Bf2 Bh2+ 39.Kf1 Rf4 40.Re3 Rf6 41.Ke2 Be5 42.Be1 b6 43.Kd1 Kf8
44.c4 dxc4 45.dxc4 Bd4 46.Rf3 Rd6 47.Kc2 Ke7 48.Rf1 Re6 49.Bd2 Re2 50.Bxc6 Be3
51.Re1 Rxd2+ 52.Kc3 Rh2 53.Rxe3+ Kd6 54.Be4 Ne5 55.Rg3 Rh6 56.b4 Rh4 57.Bd5 Rf4
58.Rh3 Rf1 59.bxa5 bxa5 60.Rh8 Rc1+ 61.Kd4 Rd1+ 62.Ke4 Nd7 63.Ke3 Nb6 64.Bf7 Kc5
65.Ke2 Rg1 66.Rg8 g5 67.Be6 Nxa4 68.Kf2 Ra1 69.Rxg5+ Kd6 70.Bg8 Nc5 71.Rg6+ Kd7
72.Ke3 Rd1 73.Rg5 Kd6 74.Rd5+ Rxd5 75.cxd5 a4 76.Kd2 a3  1/2-1/2

[Event "TCh-AUT 2012-13"]
[Site "Graz AUT"]
[Date "2013.01.19"]
[Round "6.6"]
[White "Knoll,H"]
[Black "Juhasz,A"]
[Result "1-0"]
[WhiteElo "2318"]
[BlackElo "2207"]

1.Nf3 d5 2.g3 c6 3.Bg2 Bg4 4.d4 Nf6 5.O-O e6 6.Ne5 Bh5 7.Nd2 Nbd7 8.Nd3 Bd6
9.Nf4 Bxf4 10.gxf4 O-O 11.Nf3 Bxf3 12.Bxf3 Ne4 13.Bg2 f5 14.f3 Nd6 15.e3 Rf6
16.Rf2 Rh6 17.Bf1 Rg6+ 18.Kh1 Qh4 19.Qe1 Nf6 20.Bd2 Re8 21.b3 Qh5 22.Bd3 Rg3
23.Be2 Qh6 24.Bb4 Rd8 25.Rg2 Rh3 26.Qg1 Nfe8 27.Rg3 Rh4 28.Qf2 Rd7 29.Rag1 Rf7
30.Be1 Rh5 31.c4 Nf6 32.Qg2 Kh8 33.Bb4 Nde8 34.Rg5 g6 35.Rc1 Rh4 36.a4 Ng7
37.Bd6 Nge8 38.Bb4 Ng7 39.Rg1 Nge8 40.Be1 Rh3 41.c5 a6 42.b4 Nc7 43.Bf2 Rf8
44.Rb1 Ra8 45.Be1 Rh5 46.Rxh5 Nxh5 47.Qg5 Qg7 48.Bh4 Re8 49.Rg1 Qf7 50.Bd3 Qg7
51.Rg2 Qf7 52.Qh6 Nf6 53.Qg5 Nh5 54.Kg1 Qg7 55.Kf1 Qf8 56.Kf2 Qf7 57.Rg1 Qg7
58.Ke2 Qf7 59.Kd2 Qf8 60.Rb1 Qf7 61.Kc2 Qg7 62.Be1 Qf7 63.Bc3 Kg8 64.Qh4 Rf8
65.Qe1 Ra8 66.Ra1 Qf8 67.Ra2 Qd8 68.Kb3 Ra7 69.Qf2 Kf7 70.b5 Ra8 71.bxc6 bxc6
72.Ka3 Ne8 73.Rb2 Kg8 74.Rb6 Qc8 75.Qb2 Nhf6 76.Qe2 a5 77.Ba6 Qc7 78.Qb2 Nd7
79.Rxc6 Qxc6 80.Bb7 Qc7 81.Bxa8 Nxc5 82.dxc5 Qxc5+ 83.Ka2 Nd6 84.Be5 Qc4+
85.Qb3 Qe2+ 86.Qb2 Qc4+ 87.Qb3 Qe2+ 88.Bb2 Kf7 89.Bc6 h5 90.Qc3 Qc4+ 91.Qxc4 Nxc4
92.Bc1 h4 93.Kb3 h3 94.Bb5 g5 95.fxg5 Ne5 96.f4 Ng4 97.Bf1 Nxh2 98.Bxh3  1-0

[Event "TCh-AUT 2012-13"]
[Site "Graz AUT"]
[Date "2013.01.19"]
[Round "6.1"]
[White "Hera,I"]
[Black "Lenic,L"]
[Result "1/2-1/2"]
[WhiteElo "2573"]
[BlackElo "2637"]

1.Nf3 d5 2.g3 Bg4 3.Bg2 Nd7 4.c4 e6 5.cxd5 exd5 6.O-O Ngf6 7.d3 Bc5 8.Nc3 c6
9.Qb3 Bb6 10.Na4 O-O 11.Nxb6 axb6 12.Qc2 Re8 13.h3 Bxf3 14.Bxf3 b5 15.a3 Re6
16.b3 Qe7 17.Bb2 h5 18.Rae1 Re8 19.e3 Ne5 20.Bg2 Ng6 21.Rc1 Qd6 22.Qc3 Qe5
23.Qxe5 Nxe5 24.Rfd1 R6e7 25.Bd4 Ned7 26.Bc3 Ra8 27.e4 Ree8 28.exd5 Nxd5
29.Bxd5 cxd5 30.Bb4 Rac8 31.Rxc8 Rxc8 32.Re1 b6 33.d4 Nf6 34.f3 Rc2 35.Re3 Rb2
36.Be7 Rd2 37.Bd8 Rxd4 38.Bxb6 Rd2 39.Ba5 Ra2 40.Bb4 Rb2 41.Rd3 h4 42.g4 Kh7
43.Be7 d4 44.Bc5 Nd5 45.Rxd4 Nc3 46.Rb4 Ra2 47.g5 Kg6 48.Rxh4 Rb2 49.Rb4 Ra2
50.Kf1 Rxa3 51.Bd4 Ra1+ 52.Kf2 Ra2+ 53.Ke1 Re2+ 54.Kf1 Rc2 55.h4 Ne2 56.Bf2 Nc1
57.Rxb5 Rb2 58.Rb6+ Kh5 59.Rb7 Kg6 60.Rb6+ Kh5 61.g6 f5 62.Rb7 Kxg6 63.Bd4 Rxb3
64.Rxg7+ Kh6 65.Rc7 Nd3 66.Rf7 Nf4 67.Kf2 Rb4 68.Rf6+ Kh7 69.Rd6 Ra4 70.Be3 Ra2+
71.Bd2 Kg7 72.Kg3 Ne2+ 73.Kh3 Ng1+ 74.Kg2 Ne2 75.Kf1 Ng3+ 76.Ke1 Kf7 77.Bg5 Re2+
78.Kd1 Re6 79.Rd8 Kg6 80.Kd2 Nf1+ 81.Kc3 Nh2 82.f4 Nf3 83.Rg8+ Kh7 84.Rf8 Kg6
85.Bd8 Re3+ 86.Kb2 Re2+ 87.Kc3 Re3+ 88.Kc2 Re2+ 89.Kd3 Re6 90.h5+ Kxh5 91.Rxf5+ Kg6
92.Rd5 Kf7 93.f5 Re5 94.Rxe5 Nxe5+ 95.Ke4 Ng4 96.Bg5 Nf6+ 97.Bxf6 Kxf6 98.Kf4 Kf7
99.Ke5 Ke7 100.f6+ Kf7 101.Kf5 Kf8 102.Ke6 Ke8 103.f7+ Kf8 104.Kf6  1/2-1/2

[Event "PSC Cup 2013"]
[Site "Manila PHI"]
[Date "2013.01.19"]
[Round "8.7"]
[White "Nolte,R"]
[Black "Bilguun,Sumiya"]
[Result "1-0"]
[WhiteElo "2460"]
[BlackElo "2213"]

1.Nf3 d5 2.g3 Nf6 3.Bg2 e6 4.O-O Be7 5.d3 Nbd7 6.Nbd2 O-O 7.e4 c6 8.Re1 Qc7
9.e5 Ne8 10.d4 c5 11.c3 b5 12.Nf1 Bb7 13.Bf4 Qb6 14.h4 h6 15.Ne3 f5 16.exf6 Nexf6
17.Nf5 exf5 18.Rxe7 Rae8 19.Rxe8 Rxe8 20.Ne5 cxd4 21.Nxd7 Nxd7 22.cxd4 Nf6
23.Rc1 Rc8 24.Rxc8+ Bxc8 25.Be5 Ne4 26.Qc1 Bd7 27.f3 Nf6 28.b4 a5 29.bxa5 Qxa5
30.Bxf6 gxf6 31.Qxh6 Qb6 32.Qe3 Qd6 33.Kh2 Kg7 34.a3 f4 35.gxf4 Qe6 36.Qxe6 Bxe6
37.Bf1 Bd7 38.f5 Kh6 39.Kg3 Kh5 40.Bh3 Kh6 41.Bg4 Kg7 42.Kf4 Kf8 43.Ke3 Ke7
44.Kd2 Be8 45.Kc3 Kd6 46.Kb4  1-0

[Event "75th Tata Steel GpA"]
[Site "Wijk aan Zee NED"]
[Date "2013.01.19"]
[Round "7.2"]
[White "L'Ami,E"]
[Black "Giri,A"]
[Result "1/2-1/2"]
[WhiteElo "2627"]
[BlackElo "2720"]

1.Nf3 d5 2.g3 c6 3.c4 Bg4 4.Qb3 Qc7 5.Bg2 e6 6.O-O Nf6 7.d4 Bd6 8.Nc3 Nbd7
9.Nd2 O-O 10.e4 dxe4 11.Ndxe4 Nxe4 12.Nxe4 Be7 13.Bf4 Qb6 14.Qxb6 axb6 15.Bd6 Rfe8
16.Bxe7 Rxe7 17.Nd6 Rb8 18.b4 Nf6 19.a4 Ne8 20.Nxe8 Rexe8 21.c5 e5 22.f3 Bf5
23.cxb6 exd4 24.Rfd1 Rbd8 25.Rd2 h5 26.a5 d3 27.f4 Be4 28.Bxe4 Rxe4 29.Ra3 Red4
30.Kf2 f5  1/2-1/2

[Event "5th Chennai Open 2013"]
[Site "Chennai IND"]
[Date "2013.01.20"]
[Round "8"]
[White "Ram,S"]
[Black "Harsha,B"]
[Result "0-1"]
[WhiteElo "2327"]
[BlackElo "2063"]

1.Nf3 d5 2.g3 e6 3.Bg2 Nf6 4.O-O c5 5.c4 d4 6.e3 Nc6 7.exd4 cxd4 8.d3 Bc5
9.Na3 O-O 10.Nc2 a5 11.Bg5 h6 12.Bxf6 Qxf6 13.Nd2 Ba7 14.a3 Qe7 15.b4 e5
16.c5 Be6 17.Re1 Bb8 18.Qb1 Bc7 19.b5 Nd8 20.b6 Bb8 21.Qb5 Bd7 22.Qc4 Be6
23.Bd5 Qd7 24.Bxe6 Qxe6 25.Qxe6 Nxe6 26.c6 bxc6 27.Nc4 f6 28.f4 Nc5 29.Rad1 exf4
30.Nxd4 fxg3 31.Nxc6 gxh2+ 32.Kg2 Bf4 33.N4xa5 Rf7 34.Nc4 Rd7 35.d4 Nb7 36.Re7 Rxe7
37.Nxe7+ Kf7 38.Nc6 h5 39.d5 h4 40.d6 Rc8 41.N6a5 Nd8 42.b7 Rb8 43.Re1 g5
44.Re7+ Kg6 45.Re8 g4 46.Rg8+ Kf5 47.Rh8 h3+ 48.Kh1 Ke4 49.Nb6 Bxd6 50.Nd7 Nxb7
51.Nxb8 Nxa5 52.Nd7 f5 53.Rc8 g3 54.Nf6+ Kd4 55.Rg8 g2+ 56.Rxg2 hxg2+ 57.Kxg2 Nc4
58.Nh5 Ne3+ 59.Kh1 Ng4  0-1

[Event "Dvorkovich Mem 2013"]
[Site "Taganrog RUS"]
[Date "2013.01.20"]
[Round "6.10"]
[White "Maletin,P"]
[Black "Demianjuk,A"]
[Result "1-0"]
[WhiteElo "2572"]
[BlackElo "2340"]

1.Nf3 d5 2.g3 c6 3.Bg2 Bg4 4.c4 e6 5.O-O Nf6 6.d3 Nbd7 7.cxd5 exd5 8.Nc3 Be7
9.h3 Bxf3 10.Bxf3 d4 11.Ne4 Nxe4 12.Bxe4 O-O 13.Bg2 Qb6 14.Rb1 a5 15.Bd2 Rfe8
16.Qc2 Bd6 17.Bf3 Qc7 18.Kg2 Bb4 19.Bc1 Bd6 20.a3 a4 21.b4 axb3 22.Qxb3 Nc5
23.Qc4 Ne6 24.a4 Ra7 25.Bd2 Qe7 26.Rb2 Ba3 27.Rb3 Qc5 28.Qxc5 Bxc5 29.a5 Nc7
30.Rfb1 Nb5 31.Rxb5 cxb5 32.Rxb5 Bf8 33.Kf1 Rb8 34.Bf4 Rc8 35.Bxb7 Rc5 36.Rxc5 Bxc5
37.a6 Kf8 38.e3 Ke7 39.exd4 Bxd4 40.Be3 Bxe3  1-0

[Event "Dvorkovich Mem 2013"]
[Site "Taganrog RUS"]
[Date "2013.01.20"]
[Round "6.21"]
[White "Vastrukhin,O"]
[Black "Baraeva,I"]
[Result "1-0"]
[WhiteElo "2340"]
[BlackElo "2159"]

1.Nf3 d5 2.g3 c6 3.Bg2 Nf6 4.O-O Bg4 5.Ne5 Bh5 6.d4 Nbd7 7.c4 e6 8.Nc3 Be7
9.Qb3 Qb6 10.Nxd7 Nxd7 11.e4 dxe4 12.Nxe4 O-O 13.Be3 Rad8 14.h3 Bg6 15.Rfd1 Nf6
16.Nc5 Bxc5 17.dxc5 Qc7 18.Rd6 Ne4 19.Rxd8 Rxd8 20.Rd1 Rxd1+ 21.Qxd1 h6 22.b4 a6
23.a4 Qe7 24.a5 e5 25.h4 Nc3 26.Qe1 Nb1 27.b5 Na3 28.bxc6 bxc6 29.Bxc6 Nxc4
30.Bd5 Nxe3 31.Qxe3 Qc7 32.c6 Bf5 33.Qb6 Qd6 34.Bg2 Bc8 35.c7 Qd1+ 36.Kh2 Qg4
37.Bb7 Kh7 38.Bxc8 Qxc8 39.Qb8 Qf5 40.Kg1  1-0

[Event "5th Chennai Open 2013"]
[Site "Chennai IND"]
[Date "2013.01.21"]
[Round "9"]
[White "Navin,K"]
[Black "Suresh,KT"]
[Result "0-1"]
[WhiteElo "2402"]
[BlackElo "2145"]

1.Nf3 d5 2.g3 c6 3.Bg2 Bg4 4.c4 Nf6 5.Ne5 Bf5 6.d4 e6 7.Nc3 Nbd7 8.Nf3 h6
9.O-O Be7 10.Qb3 Qb6 11.c5 Qxb3 12.axb3 O-O 13.b4 a6 14.Bf4 g5 15.Be3 Ng4
16.Bc1 Ngf6 17.h4 Nh7 18.Re1 g4 19.Ne5 Nxe5 20.dxe5 h5 21.e4 Bg6 22.exd5 exd5
23.Be3 Rfe8 24.Ne2 Nf8 25.f4 Ne6 26.Ra3 f5 27.Rd1 Red8 28.Kf2 Bf7 29.Bf1 Kf8
30.Bd4 a5 31.bxa5 Nxc5 32.Kg2 Ne4 33.Rb3 c5 34.Rxb7 cxd4 35.Nxd4 Nc5 36.Rb5 Be8
37.Rxc5 Bxc5 38.Ne6+ Ke7 39.Nxc5 Rdb8 40.a6 Rxb2+ 41.Kg1 Bb5 42.Bg2 Bc4 43.Na4 Rb3
44.Kh2 Ra3 45.Nb6 R8xa6 46.Nxd5+ Kf8 47.Nf6 Ra2 48.Rc1 Bb5 49.Kg1 R6a3 50.Rc8+ Ke7
51.Nxh5 Rd2 52.Ng7 Ra1+ 53.Kh2 Bd7 54.Rc7 Kd8 55.Rb7 Raa2 56.e6 Rxg2+ 57.Kh1 Bc6
58.e7+ Kc8 59.e8=Q+ Bxe8 60.Rb6 Rgc2 61.Nxe8 Ra1+  0-1

[Event "Marianske Lazne IM 2013"]
[Site "Marianske Lazne CZE"]
[Date "2013.01.21"]
[Round "4.2"]
[White "Gokhale,C"]
[Black "Pacher,M"]
[Result "0-1"]
[WhiteElo "2252"]
[BlackElo "2436"]

1.Nf3 d5 2.g3 Nc6 3.Bg2 e5 4.d3 Bg4 5.h3 Bh5 6.Nbd2 Nf6 7.e4 dxe4 8.dxe4 Bc5
9.O-O O-O 10.Qe2 Re8 11.c3 a5 12.a4 Nd7 13.Nb3 Bf8 14.Be3 f6 15.Rfd1 Qc8
16.Qc2 Nb6 17.g4 Bf7 18.Nfd2 Nd8 19.Nc5 Bxc5 20.Bxc5 Ne6 21.Be3 Nd7 22.Bf1 Nf4
23.Nb3 h5 24.f3 g5 25.Rd2 hxg4 26.hxg4 Nf8 27.Rad1 N8g6 28.Nc5 b6 29.Bxf4 exf4
30.Nd7 Kg7 31.c4 Ne5 32.Nxe5 Rxe5 33.Rd7 c5 34.Qh2 Rb8 35.R1d6 Qe8 36.Bd3 Qf8
37.Bc2 Rb7 38.Rd8 Be8 39.b3 Qe7 40.Qd2 Re6 41.Rxe6 Qxe6 42.Qd5 Qxd5 43.cxd5 Kf7
44.Rc8 Ke7 45.Bd3 Bd7 46.Rh8 Kd6 47.Ba6 Ra7 48.Bc4 Rb7 49.Ra8 b5 50.axb5 Bxb5
51.Rxa5 Bxc4 52.bxc4 Rb4 53.Ra6+ Ke5 54.Re6+ Kd4 55.d6 Ke3 56.e5 Kxf3 57.d7 Rb1+
58.Kh2 Rb2+ 59.Kg1 Kg3 60.Kf1 f3 61.exf6 Rh2  0-1

[Event "Marianske Lazne IM 2013"]
[Site "Marianske Lazne CZE"]
[Date "2013.01.21"]
[Round "4.2"]
[White "Gokhale,C"]
[Black "Pacher,M"]
[Result "0-1"]
[WhiteElo "2252"]
[BlackElo "2436"]

1.Nf3 d5 2.g3 Nc6 3.Bg2 e5 4.d3 Bg4 5.h3 Bh5 6.Nbd2 Nf6 7.e4 dxe4 8.dxe4 Bc5
9.O-O O-O 10.Qe2 Re8 11.c3 a5 12.a4 Nd7 13.Nb3 Bf8 14.Be3 f6 15.Rfd1 Qc8
16.Qc2 Nb6 17.g4 Bf7 18.Nfd2 Nd8 19.Nc5 Bxc5 20.Bxc5 Ne6 21.Be3 Nd7 22.Bf1 Nf4
23.Nb3 h5 24.f3 g5 25.Rd2 hxg4 26.hxg4 Nf8 27.Rad1 N8g6 28.Nc5 b6 29.Bxf4 exf4
30.Nd7 Kg7 31.c4 Ne5 32.Nxe5 Rxe5 33.Rd7 c5 34.Qh2 Rb8 35.R1d6 Qe8 36.Bd3 Qf8
37.Bc2 Rb7 38.Rd8 Be8 39.b3 Qe7 40.Qd2 Re6 41.Rxe6 Qxe6 42.Qd5 Qxd5 43.cxd5 Kf7
44.Rc8 Ke7 45.Bd3 Bd7 46.Rh8 Kd6 47.Ba6  0-1

[Event "11th Gibraltar Masters"]
[Site "Caleta ENG"]
[Date "2013.01.22"]
[Round "1.105"]
[White "Dukaczewski,P"]
[Black "Ramdewar,I"]
[Result "1-0"]
[WhiteElo "2268"]
[BlackElo "1658"]

1.Nf3 d5 2.g3 Nf6 3.Bg2 c5 4.c4 e6 5.cxd5 exd5 6.O-O Nc6 7.d4 Be7 8.b3 O-O
9.Bb2 Bf5 10.Nc3 Re8 11.Rc1 Qd7 12.Ne5 Qe6 13.Nxc6 bxc6 14.dxc5 Bxc5 15.Nxd5 cxd5
16.Rxc5 Bg4 17.Re1 Bxe2 18.Qc2 Qa6 19.Bxf6 gxf6 20.Bxd5 Rad8 21.Bxf7+ Kxf7
22.Rc7+  1-0